Una aproximación pragmática a algunos usos paródicos de las variedades dialectales en la "Lisistrata" de Aristófanes
Kaydedildi:
| Yazar: | |
|---|---|
| Materyal Türü: | Kitap |
| Dil: | Spanish |
| Baskı/Yayın Bilgisi: |
San José, Costa Rica
Universidad de Costa Rica, Sistema de Estudios de Posgrado
2012
|
| Konular: | |
| Etiketler: |
Etiketle
Etiket eklenmemiş, İlk siz ekleyin!
|
MARC
| LEADER | 00000nam a2200000Ia 4500 | ||
|---|---|---|---|
| 008 | 170316s9999 xx 000 0 spa d | ||
| 999 | |c 14531 |d 14531 | ||
| 040 | |a cru BVZT | ||
| 090 | |a TESIS 871 | ||
| 100 | |a Díaz Badilla, César Augusto | ||
| 245 | |a Una aproximación pragmática a algunos usos paródicos de las variedades dialectales en la "Lisistrata" de Aristófanes | ||
| 260 | |a San José, Costa Rica | ||
| 260 | |b Universidad de Costa Rica, Sistema de Estudios de Posgrado | ||
| 260 | |c 2012 | ||
| 300 | |a 96 páginas | ||
| 650 | |a TRABAJO FINAL DE GRADUACIÓN |9 237 | ||
| 650 | |a SEP | ||
| 650 | |a RESEÑA DE LA LENGUA GRIEGA | ||
| 942 | |c TFG |h TESIS 871 |2 z | ||
